| 000 | 00747nam a2200277Ia 4500 | ||
|---|---|---|---|
| 001 | AUWbook000292 | ||
| 003 | BDCtgAUW | ||
| 005 | 20260406154831.0 | ||
| 008 | 220908s9999 xx 000 0 eng d | ||
| 020 | _a0521346738 | ||
| 040 |
_aBDCtgAUW _cBDCtgAUW |
||
| 050 | _aPE1122.G74 | ||
| 100 | 1 |
_aGreenall, Simon, _eauthor. |
|
| 245 | 0 |
_aReading 3 student's book : _bupper-intermediate / |
|
| 260 |
_aCambridge : _bCambridge University Press, _c1992. |
||
| 300 | _avi, 90 pages. | ||
| 490 | 1 | _aCambridge skills for fluency | |
| 650 | 0 | _aEnglish language. | |
| 650 | 0 | _aReading (Higher education). | |
| 650 | 0 | _aReading. | |
| 700 | 1 |
_aPye, Diana, _eauthor. |
|
| 887 |
_a BRAC _22982 |
||
| 888 | _22982 | ||
| 942 |
_cBK _00 _2lcc |
||
| 945 | _cBK | ||
| 999 |
_c16552 _d16552 |
||